000 00262nam a22000857a 4500
008 170112b xxu||||| |||| 00| 0 eng d
100 _92370
_aKumar. S
245 _aThe Land of thus & so English- Main Course- Teachers Copy-2
260 _aNew Delhi
_bFrank brothers
_c2007
999 _c5357
_d5357